Prepisy z kroniky obce minulé časy

Bibliographic Details
Corporate Author: Redakcia Spektrum 2003 (Author)
Format: Article
Language:Slovak
Subjects:

MARC

LEADER 00000nab a2200000 4500
001 vtls011764101
003 SK-MaSNL
005 20260305031828.0
008 180626 2018 xo m 000 0 slo
015 |a SNBRB2018/03 
038 |a PPPK 
040 |a PPPKCL  |b slo  |c PPPK  |e rda 
041 0 |a slo 
043 |a e-xo--- 
044 |a xo  |c SK 
072 7 |a 911  |x Všeobecná geografia. Systematická geografia  |2 konspekt 
080 |a 911.375(091)  |2 2011 
110 2 |a Redakcia Spektrum 2003  |4 aut  |9 1184840 
245 0 0 |a Prepisy z kroniky obce  |b minulé časy  |c Prepis bez korekcii redakciou 
336 |a text  |b txt  |2 rdacontent 
337 |a bez média  |b n  |2 rdamedia 
338 |a zväzok  |b nc  |2 rdacarrier 
648 7 |a 1951  |2 pppkcl  |9 295560 
650 0 7 |a dejiny obcí  |2 pppkcl  |9 164834 
651 7 |a Rakúsy (Slovensko)  |2 pppkcl  |9 54505 
651 7 |a Kežmarok (Slovensko : okres)  |2 pppkcl  |9 51824 
773 0 |t Spektrum 2003 : Kultúrno-spoločenský mesačník obce Rakúsy  |g Roč. XVI, č. 5 (2018), s. 23  |x 1339-6676 
852 |a PPPK  |b KIS3GCP 
999 |c 3317618  |d 3319548